| 000 | 00435cam a22001457a 4500 | ||
|---|---|---|---|
| 008 | 180718b1961 xxu||||| |||| 00| 0 eng d | ||
| 082 | _aN11x597 T156c | ||
| 100 | _aTanham, George K. | ||
| 245 |
_aCommunist revolutionary warfare: the Vietminh in Indochina _cby George K. Tanham |
||
| 260 |
_aNew York _bPraeger _c1961 |
||
| 300 | _a166p. | ||
| 650 | _aVietnam --History | ||
| 650 | _aCommunism --Vietnam | ||
| 650 | _aGuerrilla warfare | ||
| 999 |
_c435679 _d435679 |
||